Comprehensive land register (Record no. 107649)

MARC details
000 -LEADER
fixed length control field 01307cad a22002175a 4500
001 - CONTROL NUMBER
control field L141410
008 - FIXED-LENGTH DATA ELEMENTS--GENERAL INFORMATION
fixed length control field 071122e20071119xxkk f 000 0 eng d
035 ## - SYSTEM CONTROL NUMBER
System control number (Sirsi) u141410
041 0# - LANGUAGE CODE
Language code of text/sound track or separate title eng
050 04 - LIBRARY OF CONGRESS CALL NUMBER
Classification number 346.41043 $2 18
110 2# - MAIN ENTRY--CORPORATE NAME
Corporate name or jurisdiction name as entry element The Land Registry
9 (RLIN) 5415
245 00 - TITLE STATEMENT
Title Comprehensive land register
Medium [electronic resource]
260 ## - PUBLICATION, DISTRIBUTION, ETC.
Place of publication, distribution, etc. London
Name of publisher, distributor, etc. Land Registry
Date of publication, distribution, etc. 2007
520 ## - SUMMARY, ETC.
Summary, etc. Consultation paper seeks views on a proposal to trigger the compulsory registration of title in two new circumstances. The first of these is the appointment of a new trustee of land held in trust, when the appointment is vested in writing or by court vesting order. The second is upon the partitioning of land held in trust amongst the beneficiaries of the trust. Responses are due by 29 February 2008, and can be provided by online questionnaire.
590 ## - LOCAL NOTE (RLIN)
Local note KA NTK
650 24 - SUBJECT ADDED ENTRY--TOPICAL TERM
Topical term or geographic name entry element LAND REGISTRATION ACT 2002
651 #4 - SUBJECT ADDED ENTRY--GEOGRAPHIC NAME
Geographic name United Kingdom
Chronological subdivision
690 ## - LOCAL SUBJECT ADDED ENTRY--TOPICAL TERM (OCLC, RLIN)
Topical term or geographic name as entry element PROPERTY-PROPERTY ACQUISITION AND DISPOSAL-REGISTRATION OF TITLE TO PROPERTY-LAND REGISTRATION
856 40 - ELECTRONIC LOCATION AND ACCESS
Uniform Resource Identifier <a href="webarchive.nationalarchives.gov.uk/20091114213721/http://consultations.landregistry.gov.uk/inovem/gf2.ti/f/47394/1319365.1/pdf/-/ComprehensiveLandRegister.pdf">webarchive.nationalarchives.gov.uk/20091114213721/http://consultations.landregistry.gov.uk/inovem/gf2.ti/f/47394/1319365.1/pdf/-/ComprehensiveLandRegister.pdf</a>
Public note View the consultation free of charge at consultations.landregistry.gov.uk
942 ## - ADDED ENTRY ELEMENTS (KOHA)
Suppress in OPAC 0
Holdings
Withdrawn status Lost status Source of classification or shelving scheme Damaged status Not for loan Home library Current library Shelving location Date acquired Total Checkouts Full call number Barcode Date last seen Copy number Price effective from Koha item type
    Dewey Decimal Classification     Virtual Virtual Online 22/11/2007   ONLINE PUBLICATION 141410-1001 06/08/2019 1 06/08/2019 Book